<?xml version="1.0" encoding="UTF-8"?>
<record
    xmlns:xsi="http://www.w3.org/2001/XMLSchema-instance"
    xsi:schemaLocation="http://www.loc.gov/MARC21/slim http://www.loc.gov/standards/marcxml/schema/MARC21slim.xsd"
    xmlns="http://www.loc.gov/MARC21/slim">

  <leader>01685nam0a22003731  4500</leader>
  <controlfield tag="001">rc\2281090</controlfield>
  <controlfield tag="005">20260407015721.0</controlfield>
  <datafield tag="035" ind1=" " ind2=" ">
    <subfield code="a">(NLR Aleph) 006560386</subfield>
  </datafield>
  <datafield tag="090" ind1=" " ind2=" ">
    <subfield code="a">6837066</subfield>
    <subfield code="c">6837066</subfield>
  </datafield>
  <datafield tag="100" ind1=" " ind2=" ">
    <subfield code="a">20110829d1977    |||y0rusy50      ca</subfield>
  </datafield>
  <datafield tag="101" ind1="0" ind2=" ">
    <subfield code="a">rus</subfield>
  </datafield>
  <datafield tag="102" ind1=" " ind2=" ">
    <subfield code="a">RU</subfield>
  </datafield>
  <datafield tag="105" ind1=" " ind2=" ">
    <subfield code="a">a   z   |||||</subfield>
  </datafield>
  <datafield tag="200" ind1="1" ind2=" ">
    <subfield code="a">&#x41C;&#x430;&#x433;&#x43C;&#x430;&#x442;&#x438;&#x447;&#x435;&#x441;&#x43A;&#x438;&#x435; &#x444;&#x43E;&#x440;&#x43C;&#x430;&#x446;&#x438;&#x438; &#x438; &#x444;&#x430;&#x446;&#x438;&#x438; &#x423;&#x437;&#x431;&#x435;&#x43A;&#x438;&#x441;&#x442;&#x430;&#x43D;&#x430;</subfield>
    <subfield code="f">[&#x418;.&#x425;. &#x425;&#x430;&#x43C;&#x440;&#x430;&#x431;&#x430;&#x435;&#x432;, &#x422;.&#x41D;. &#x414;&#x430;&#x43B;&#x438;&#x43C;&#x43E;&#x432;, &#x412;.&#x418;. &#x410;&#x439;&#x437;&#x435;&#x43D;&#x448;&#x442;&#x430;&#x442; &#x438; &#x434;&#x440;.</subfield>
    <subfield code="g">&#x41E;&#x442;&#x432;. &#x440;&#x435;&#x434;. &#x43A;&#x430;&#x43D;&#x434;. &#x433;&#x435;&#x43E;&#x43B;.-&#x43C;&#x438;&#x43D;&#x435;&#x440;&#x430;&#x43B;. &#x43D;&#x430;&#x443;&#x43A; &#x41E;. &#x41A;&#x443;&#x448;&#x43C;&#x443;&#x440;&#x430;&#x434;&#x43E;&#x432;]</subfield>
    <subfield code="g">&#x410;&#x41D; &#x423;&#x437;&#x421;&#x421;&#x420;, &#x418;&#x43D;-&#x442; &#x433;&#x435;&#x43E;&#x43B;&#x43E;&#x433;&#x438;&#x438; &#x438; &#x433;&#x435;&#x43E;&#x444;&#x438;&#x437;&#x438;&#x43A;&#x438; &#x438;&#x43C;. &#x425;.&#x41C;. &#x410;&#x431;&#x434;&#x443;&#x43B;&#x43B;&#x430;&#x435;&#x432;&#x430;</subfield>
  </datafield>
  <datafield tag="210" ind1=" " ind2=" ">
    <subfield code="a">&#x422;&#x430;&#x448;&#x43A;&#x435;&#x43D;&#x442;</subfield>
    <subfield code="c">&#x424;&#x430;&#x43D;</subfield>
    <subfield code="d">1977</subfield>
  </datafield>
  <datafield tag="215" ind1=" " ind2=" ">
    <subfield code="a">336 &#x441;.</subfield>
    <subfield code="c">&#x438;&#x43B;.</subfield>
    <subfield code="d">22</subfield>
  </datafield>
  <datafield tag="320" ind1=" " ind2=" ">
    <subfield code="a">&#x421;&#x43F;&#x438;&#x441;&#x43E;&#x43A; &#x43B;&#x438;&#x442;.: &#x441;. 326-334</subfield>
  </datafield>
  <datafield tag="606" ind1=" " ind2=" ">
    <subfield code="a">&#x424;&#x430;&#x446;&#x438;&#x438; &#x432;&#x443;&#x43B;&#x43A;&#x430;&#x43D;&#x43E;&#x433;&#x435;&#x43D;&#x43D;&#x44B;&#x435;</subfield>
    <subfield code="y">&#x423;&#x437;&#x421;&#x421;&#x420;</subfield>
    <subfield code="2">psbo</subfield>
  </datafield>
  <datafield tag="606" ind1=" " ind2=" ">
    <subfield code="a">&#x413;&#x435;&#x43E;&#x43B;&#x43E;&#x433;&#x438;&#x447;&#x435;&#x441;&#x43A;&#x438;&#x435; &#x444;&#x43E;&#x440;&#x43C;&#x430;&#x446;&#x438;&#x438;, &#x432;&#x443;&#x43B;&#x43A;&#x430;&#x43D;&#x43E;&#x433;&#x435;&#x43D;&#x43D;&#x44B;&#x435;</subfield>
    <subfield code="y">&#x423;&#x437;&#x421;&#x421;&#x420;</subfield>
    <subfield code="2">psbo</subfield>
  </datafield>
  <datafield tag="686" ind1=" " ind2=" ">
    <subfield code="a">&#x414;9(2574)342,07</subfield>
    <subfield code="2">rubbk</subfield>
  </datafield>
  <datafield tag="686" ind1=" " ind2=" ">
    <subfield code="a">&#x414;342-06,07</subfield>
    <subfield code="2">rubbk</subfield>
  </datafield>
  <datafield tag="701" ind1=" " ind2="1">
    <subfield code="a">&#x410;&#x439;&#x437;&#x435;&#x43D;&#x448;&#x442;&#x430;&#x442;</subfield>
    <subfield code="b">&#x412;.&#x418;.</subfield>
  </datafield>
  <datafield tag="701" ind1=" " ind2="1">
    <subfield code="4">070</subfield>
    <subfield code="7">ca</subfield>
    <subfield code="8">rus</subfield>
    <subfield code="a">&#x425;&#x430;&#x43C;&#x440;&#x430;&#x431;&#x430;&#x435;&#x432;</subfield>
    <subfield code="b">&#x418;. &#x425;.</subfield>
    <subfield code="f">1920-2002</subfield>
    <subfield code="g">&#x418;&#x431;&#x440;&#x430;&#x433;&#x438;&#x43C; &#x425;&#x430;&#x43C;&#x440;&#x430;&#x431;&#x430;&#x435;&#x432;&#x438;&#x447;</subfield>
    <subfield code="9">267356</subfield>
    <subfield code="3">RU\NLR\AUTH\770267412</subfield>
  </datafield>
  <datafield tag="701" ind1=" " ind2="1">
    <subfield code="a">&#x414;&#x430;&#x43B;&#x438;&#x43C;&#x43E;&#x432;</subfield>
    <subfield code="b">&#x422;.&#x41D;.</subfield>
  </datafield>
  <datafield tag="702" ind1=" " ind2="1">
    <subfield code="a">&#x41A;&#x443;&#x448;&#x43C;&#x443;&#x440;&#x430;&#x434;&#x43E;&#x432;</subfield>
    <subfield code="b">&#x41E;.&#x422;.</subfield>
    <subfield code="4">340</subfield>
  </datafield>
  <datafield tag="712" ind1="0" ind2="2">
    <subfield code="a">&#x418;&#x43D;&#x441;&#x442;&#x438;&#x442;&#x443;&#x442; &#x433;&#x435;&#x43E;&#x43B;&#x43E;&#x433;&#x438;&#x438; &#x438; &#x433;&#x435;&#x43E;&#x444;&#x438;&#x437;&#x438;&#x43A;&#x438; &#x438;&#x43C;. &#x425;. &#x41C;. &#x410;&#x431;&#x434;&#x443;&#x43B;&#x43B;&#x430;&#x435;&#x432;&#x430;</subfield>
    <subfield code="c">&#x422;&#x430;&#x448;&#x43A;&#x435;&#x43D;&#x442;</subfield>
    <subfield code="3">RU\NLR\AUTH\8810004289</subfield>
    <subfield code="9">505877</subfield>
  </datafield>
  <datafield tag="801" ind1=" " ind2="0">
    <subfield code="a">RU</subfield>
    <subfield code="b">NLR</subfield>
    <subfield code="g">psbo</subfield>
  </datafield>
  <datafield tag="801" ind1=" " ind2="1">
    <subfield code="a">RU</subfield>
    <subfield code="b">ELAR</subfield>
    <subfield code="2">rusmarc</subfield>
  </datafield>
  <datafield tag="852" ind1=" " ind2=" ">
    <subfield code="a">NLR</subfield>
    <subfield code="j">77-5/5693</subfield>
  </datafield>
  <datafield tag="899" ind1=" " ind2=" ">
    <subfield code="a">RuMoRGB</subfield>
    <subfield code="j">&#x411; 77-9/862</subfield>
  </datafield>
  <datafield tag="899" ind1=" " ind2=" ">
    <subfield code="a">RuMoRGB</subfield>
    <subfield code="j">&#x411; 77-9/863</subfield>
  </datafield>
  <datafield tag="942" ind1=" " ind2=" ">
    <subfield code="c">BOOK</subfield>
  </datafield>
  <datafield tag="980" ind1=" " ind2=" ">
    <subfield code="a">NB</subfield>
  </datafield>
  <datafield tag="995" ind1=" " ind2=" ">
    <subfield code="5">2013-10-26</subfield>
    <subfield code="b">NLR01</subfield>
    <subfield code="c">NLR01</subfield>
    <subfield code="e">RF91</subfield>
    <subfield code="f">6560386-20</subfield>
    <subfield code="k">77-5/5693</subfield>
    <subfield code="o">0</subfield>
    <subfield code="r">BOOK</subfield>
    <subfield code="s">7755693_</subfield>
  </datafield>
</record>
